000 00578nam a2200169Ia 4500
003 GCL
008 140319s9999 xx 000 0 ara d
040 _aGCL /
_cGCL
082 0 4 _a928.1
_bم د
100 1 _aمحمد على القوزى
245 1 0 _aدراسة فى مؤلفات العلامة المرحوم الشيخ صالح المدهون /
_cمحمد على القوزى
300 _a94 ص
490 _aالهيئة العامة للاستعلامات
_v0
650 0 4 _aالادباء العرب
650 0 4 _aصالح المدهون - تراجم
942 _2ddc
_cBK
999 _c46993
_d46993